000 00276nam a2200121Ia 4500
008 240624s9999 xx 000 0 und d
041 _aeng
082 _a920 NAR
100 _aNARGUNDKAR RAJENDRA
245 _aMY EXPERIMENTS WITH HALF TRUTHS
260 _c2011
365 _cRS
999 _c18367
_d18367